Statistics for Viking Settlements - Map Quiz

Click here to take the quiz!

General Stats

  • This quiz has been taken 69 times
  • The average score is 11 of 24

Answers on the Map

Answers color-coded by a green-red scale on the quiz's map according to % correct below.
 

Answer Stats

Answer% Correct
Dublin (Dyflin)
89%
Oslo (Ánslo)
89%
Reykjavík
87%
Cork
85%
York (Jórvík)
85%
Bergen (Bjørgvin)
75%
Visby
62%
Gamla Uppsala
60%
Aarhus (Aros)
57%
Kirkwall (Kirkjuvágr)
55%
Roskilde
51%
L'Anse aux Meadows
49%
Aalborg (Alabu)
45%
Ribe
34%
Hedeby (Heiðabýr)
32%
Hvalsey (Þjóðhildarstaðir)
30%
Altes Lager
26%
Thurso (Thjorsá)
26%
Birka
19%
Jelling
19%
Jarlshof
13%
Lödöse
13%
Lade (Hlaðir)
11%
Sandnæs
11%

Score Distribution

Percentile by Number Answered

Percent of People with Each Score

Your Score History

You have not taken this quiz